| 000 | 00659cam a2200241 4500 | ||
|---|---|---|---|
| 001 | ABS68225 | ||
| 008 | 040924n2004 000 0 eng u | ||
| 035 | _a(Sirsi) u127515 | ||
| 245 | _aFocus: North East | ||
| 260 | _c2004 | ||
| 490 |
_aEstates Gazette _vFocus Supplement September 2004, (34) (LOAN) |
||
| 590 | _aABS | ||
| 590 | _aABS | ||
| 650 | _aNEWCASTLE UPON TYNE | ||
| 650 | _aTYNESIDE | ||
| 650 | _aHARTLEPOOL | ||
| 650 | _aREGENERATION | ||
| 650 | _aOFFICE MARKET | ||
| 650 | _aPROPERTY-COMMERCIAL PROPERTY-RETAIL PROPERTY-RETAIL PROPERTY MARKET | ||
| 650 | _aBUSINESS PARKS | ||
| 690 |
_aCOMMERCIAL PROPERTY _96227 |
||
| 942 | _n0 | ||
| 999 |
_c118050 _d118050 |
||